Songs from the First Line(s) - Country Songs Edition - Statistics

General Stats
  • This quiz has been taken 66 times
  • The average score is 23 of 40
Answer Stats
Hint Answer % Correct
Songs Jolene, Jolene, Jolene, Jolene / I'm begging of you please don't take my man / Jolene, Jolene, Jolene, Jolene Artist(s) Dolly Parton
95%
Songs Jolene, Jolene, Jolene, Jolene / I'm begging of you please don't take my man / Jolene, Jolene, Jolene, Jolene Song Jolene
95%
Songs Baby, when I met you / There was peace unknown / I set out to get you / With a fine-tooth comb / I was soft inside Artist(s) Kenny Rogers / Dolly Parton
95%
Songs Almost Heaven, West Virginia / Blue Ridge Mountains, Shenandoah River / Life is old there, older than the trees Song Take Me Home, Country Roads
93%
Songs Love is a burning thing / And it makes a fiery ring / Bound by wild desire / I fell into a ring of fire Song Ring of Fire
82%
Songs I keep a close watch on this heart of mine / I keep my eyes wide open all the time / I keep the ends out for the tie that binds Artist(s) Johnny Cash
80%
Songs Love is a burning thing / And it makes a fiery ring / Bound by wild desire / I fell into a ring of fire Artist(s) Johnny Cash
80%
Songs On a warm summer's evening / On a train bound for nowhere / I met up with a gambler / We were both too tired to sleep Song The Gambler
79%
Songs Blame it all on my roots / I showed up in boots / And ruined your black-tie affair / The last one to know / The last one to show Song Friends in Low Places
77%
Songs Blame it all on my roots / I showed up in boots / And ruined your black-tie affair / The last one to know / The last one to show Artist(s) Garth Brooks
77%
Songs Almost Heaven, West Virginia / Blue Ridge Mountains, Shenandoah River / Life is old there, older than the trees Artist(s) John Denver
77%
Songs On a warm summer's evening / On a train bound for nowhere / I met up with a gambler / We were both too tired to sleep Artist(s) Kenny Rogers
77%
Songs On the road again / Just can't wait to get on the road again / The life I love is makin' music with my friends Song On the Road Again
73%
Songs Heading down south to the land of the pines / I'm thumbing my way into North Carolina Song Wagon Wheel
68%
Songs Rotgut whiskey's gonna ease my mind / Beach towel rests on the dryin' line / Do I remind you of your daddy in his '88 Ford? Artist(s) Zach Bryan / Kacey Musgraves
66%
Songs Rotgut whiskey's gonna ease my mind / Beach towel rests on the dryin' line / Do I remind you of your daddy in his '88 Ford? Song I Remember Everything
64%
Songs On the road again / Just can't wait to get on the road again / The life I love is makin' music with my friends Artist(s) Willie Nelson
61%
Songs Well, I was born a coal miner's daughter / In a cabin, on a hill in Butcher Holler / We were poor but we had love, Song Coal Miner's Daughter
59%
Songs Heading down south to the land of the pines / I'm thumbing my way into North Carolina Artist(s) Darius Rucker
59%
Songs Used to spend my nights out in a barroom / Liquor was the only love I'd known / But you rescued me from reaching for the bottom Song Tennessee Whiskey
54%
Songs Used to spend my nights out in a barroom / Liquor was the only love I'd known / But you rescued me from reaching for the bottom Artist(s) Chris Stapleton
52%
Songs I keep a close watch on this heart of mine / I keep my eyes wide open all the time / I keep the ends out for the tie that binds Song I Walk the Line
50%
Songs I remember it all very well lookin' back / It was the summer I turned eighteen / We lived in a one-room, run-down shack Artist(s) Reba McEntire
48%
Songs She was drivin' last Friday on the way to Cincinnati / On a snow-white Christmas Eve / Goin' home to see her mama and her daddy Artist(s) Carrie Underwood
46%
Songs I remember it all very well lookin' back / It was the summer I turned eighteen / We lived in a one-room, run-down shack Song Fancy
45%
Songs Well, I was born a coal miner's daughter / In a cabin, on a hill in Butcher Holler / We were poor but we had love, Artist(s) Loretta Lynn
45%
Songs Looks like we made it / Look how far we've come my baby / We mighta took the long way Artist(s) Shania Twain
45%
Songs Baby, when I met you / There was peace unknown / I set out to get you / With a fine-tooth comb / I was soft inside Song Islands in the Stream
41%
Songs Mary Anne and Wanda were the best of friends / All through their high school days / Both members of the 4H Club / Both active in the FFA Artist(s) Dixie Chicks
39%
Songs She was drivin' last Friday on the way to Cincinnati / On a snow-white Christmas Eve / Goin' home to see her mama and her daddy Song Jesus, Take the Wheel
39%
Songs I know they say, "You can't go home again." / I just had to come back one last time / Ma'am, I know you don't know me from Adam Artist(s) Miranda Lambert
39%
Songs Mary Anne and Wanda were the best of friends / All through their high school days / Both members of the 4H Club / Both active in the FFA Song Goodbye Earl
38%
Songs You, with your words like knives / And swords and weapons that you use against me / You have knocked me off my feet again Artist(s) Taylor Swift
36%
Songs I know they say, "You can't go home again." / I just had to come back one last time / Ma'am, I know you don't know me from Adam Song The House That Built Me
34%
Songs You, with your words like knives / And swords and weapons that you use against me / You have knocked me off my feet again Song Mean
29%
Songs Sometimes it's hard to be a woman / Giving all your love to just one man / You'll have bad times, and he'll have good times Song Stand By Your Man
29%
Songs Looks like we made it / Look how far we've come my baby / We mighta took the long way Song You're Still the One
29%
Songs Sometimes it's hard to be a woman / Giving all your love to just one man / You'll have bad times, and he'll have good times Artist(s) Tammy Wynette
27%
Songs I can see you over there / Staring at your drink / Watchin' that ice sink / All alone tonight / And chances are Artist(s) Keith Urban
18%
Songs I can see you over there / Staring at your drink / Watchin' that ice sink / All alone tonight / And chances are Song Blue Ain't Your Color
14%
No matching quizzes found
Score Distribution
Percent of People with Each Score
Percentile by Number Answered
Your Score History
You have not taken this quiz